LEADER 01185cam a22002894a 4500 001 000000137049 003 CaOOAMICUS 005 20140117093659.0 008 140117s1992 it b 000 0 ita r 020 $a88-359-3628-4 040 $aPUL$bita 100 1 $aRodano, Franco,$d1920-1983.$0(OLS)http://pul/name/25029 245 10$aCattolici e laicità della politica /$cFranco Rodano ; a cura di Vittorio Tranquilli. 260 $aRoma :$bEditori Riuniti,$c©1992. 300 $aXV, 181 p. ;$c22 cm 490 1 $aI libelli 650 4$aReligione e politica$zItalia$ySec. XX.$0(OLS)http://pul/subject/2082 700 1 $aTranquilli, Vittorio.$0(OLS)http://pul/name/25030 830 0$aLibelli (Editori Riuniti).$0(OLS)http://pul/title/173489 850 $aPUL 852 $aPUL$W1$xDP1 Fondo E. Rossi$y115$m3 A 300$j158049$qFondi$B157451$CPULBib$Z2$F157451 $82 941 1 $a1 961 $aSul dorso collocazione ms. di E. Rossi: CP 103 5 996 $6020$a88-359-3628-4$9(OLS)http://pul/number/154323 996 $6245$aCattolici e laicità della politica$9(OLS)http://pul/title/173488 996 $6260$aRoma :$bEditori Riuniti$9(OLS)http://pul/publisher/54152 LEADER 01474nam a2200373 u 4500 001 000000058332 003 CaOOAMICUS 005 20150625103353.0 008 010531s1993 it u000 u ita u 020 $a8826308047 035 $a10891087 040 $aPUL(R)$bita 041 1 $aita$hspa 100 1 $aFloristan, Casiano,$d1926-2006.$0(OLS)http://pul/name/34618 240 10$aPara comprender el catecumenato.$lItaliano.$0(OLS)http://pul/title/78132 245 13$aIl catecumenato /$cCasiano Floristán. 260 $aRoma :$bBorla,$cc1993. 300 $a416 p.$c21 cm 490 1 $aSintesi 504 $aBibliografia: p. 410-414. 650 4$aCatecumeni.$0(OLS)http://pul/subject/16540 650 4$aBattesimo.$0(OLS)http://pul/subject/1772 830 0$aSintesi (Borla).$0(OLS)http://pul/title/45951 850 $aPUL 852 $aPUL$W1$xSL Religione 1$y3$m58 F 48$j76200$nBK-PRI$b $qStampati$B76200$CPULBib$Z2$F76200 $H $81 852 $aPUL$W1$xDP1 Fondo S. Lanza$y121$m3 D 69$j166548$qFondi$B167151$CPULBib$Z2$F167151 $HLAN1395 $82 900 $aFloristan Samanes, Casiano$d1926-2006$934618 941 1 $a8 941 1 $a1 961 $aINV: 69919 961 $aNota ms. di possesso: Sergio Lanza 996 $6020$a8826308047$9(OLS)http://pul/number/73899 996 $6245$aIl catecumenato$9(OLS)http://pul/title/78133 996 $6260$aRoma :$bBorla$9(OLS)http://pul/publisher/48061